Normal view
MARC view
Entry Personal Name
001 - CONTROL NUMBER
- control field: 60130
003 - CONTROL NUMBER IDENTIFIER
- control field: OSt
005 - DATE AND TIME OF LATEST TRANSACTION
- control field: 20260421125514.0
008 - FIXED-LENGTH DATA ELEMENTS
- fixed length control field: 260421|| aca||aabn | a|a d
040 ## - CATALOGING SOURCE
- Original cataloging agency: OSt
- Transcribing agency: OSt
100 ## - HEADING--PERSONAL NAME
- Personal name: Flis, Jarosław and Kaminski, Marek M.
670 ## - SOURCE DATA FOUND
- Source citation: Work cat.: (OSt): Flis, Jarosław and Kaminski, Marek M. , Faulty votes: The hidden cost of PR election complexity
